[Event "35th WCh U20 Girls"]
[Site "Tarvisio ITA"]
[Date "2017.11.13"]
[Round "1"]
[White "Abdumalik, Zhansaya"]
[Black "Nurgali, Nazerke"]
[Result "1-0"]
[WhiteElo "2428"]
[BlackElo "2121"]
[EventDate "2017.11.13"]
[PlyCount "73"]

1.e4 c6 2.d4 d5 3.Nd2 dxe4 4.Nxe4 Nf6 5.Nxf6+ exf6 6.c3 Bd6 7.Bd3 O-O 8.
Qc2 h6 9.Ne2 Qc7 10.h3 Re8 11.Be3 Nd7 12.O-O Nf8 13.Rfe1 Be6 14.c4 Qd7 15.
Nc3 Qc7 16.d5 cxd5 17.cxd5 Bd7 18.Ne4 Qxc2 19.Bxc2 Bb4 20.Red1 Rac8 21.Bb1
f5 22.Ng3 g6 23.Bd3 Re5 24.Bf1 g5 25.Bxa7 Bc5 26.Bxc5 Rxc5 27.d6 Rc2 28.b3
Kg7 29.a4 Rc3 30.b4 f4 31.Ne2 Rb3 32.Nc1 Rc3 33.Nd3 Re4 34.Nc5 Rxb4 35.
Nxd7 Nxd7 36.Bb5 Rxb5 37.axb5 1-0

[Event "35th WCh U20 Girls"]
[Site "Tarvisio ITA"]
[Date "2017.11.13"]
[Round "1"]
[White "Hincu, Olga"]
[Black "Khademalsharieh, Sarasadat"]
[Result "0-1"]
[WhiteElo "2118"]
[BlackElo "2419"]
[EventDate "2017.11.13"]
[PlyCount "62"]

1.d4 Nf6 2.Nf3 d5 3.c4 e6 4.Nc3 Nbd7 5.cxd5 exd5 6.Bg5 h6 7.Bh4 c6 8.Qc2 
g5 9.Bg3 Nh5 10.Be5 Nxe5 11.Nxe5 Be6 12.e3 Bd6 13.Be2 Ng7 14.Nd3 Bf5 15.
Qa4 Kf8 16.Nc5 Qb6 17.b4 a5 18.a3 Ra7 19.Kd2 axb4 20.Qxb4 Qc7 21.N3a4 Ke7 
22.Nb6 Ne6 23.Rad1 Rd8 24.Ke1 Kf8 25.Rc1 Qe7 26.g4 Be4 27.f3 Bxf3 28.Rf1 
Nxc5 29.dxc5 Qxe3 30.Qd2 Qxd2+ 31.Kxd2 Bf4+ 0-1

[Event "35th WCh U20 Girls"]
[Site "Tarvisio ITA"]
[Date "2017.11.13"]
[Round "1"]
[White "Assaubaeva, Bibisara"]
[Black "San Diego, Marie Antoinette"]
[Result "1-0"]
[WhiteElo "2395"]
[BlackElo "2116"]
[EventDate "2017.11.13"]
[PlyCount "113"]

1.d4 g6 2.e4 Bg7 3.Nc3 c5 4.d5 d6 5.Bd3 a6 6.a4 Nf6 7.h3 e6 8.Nf3 O-O 9.
O-O e5 10.Nd2 Nh5 11.Nc4 Nf4 12.Bxf4 exf4 13.Qf3 Be5 14.Ne2 g5 15.Qh5 Nd7 
16.h4 f6 17.g3 Qe8 18.Qxe8 Rxe8 19.gxf4 gxf4 20.Kg2 Rb8 21.c3 Nf8 22.Nb6 
Bg4 23.f3 Bh5 24.Rab1 Re7 25.b4 Ng6 26.Rh1 cxb4 27.Rxb4 Rg7 28.Kf2 Kh8 29.
Rbb1 Rbg8 30.Nc4 Nf8 31.Rbg1 Rxg1 32.Rxg1 Rxg1 33.Nxg1 Nd7 34.Ne2 Nc5 35.
Bc2 Be8 36.Nb6 Kg7 37.Nd4 Kf7 38.Nf5 Kf8 39.c4 Kf7 40.Nc8 Nxa4 41.Ncxd6+ 
Kf8 42.Nxe8 Nc5 43.Ned6 a5 44.Nb5 a4 45.Nfd4 a3 46.Bb1 Ke7 47.Nf5+ Kd7 48.
Nxa3 Kc7 49.Nb5+ Kb6 50.Nbd4 Ka5 51.Ne6 Nd7 52.c5 Kb5 53.Bd3+ Kb4 54.c6 
bxc6 55.dxc6 Nb6 56.c7 Ka5 57.Ne7 1-0

[Event "35th WCh U20 Girls"]
[Site "Tarvisio ITA"]
[Date "2017.11.13"]
[Round "1"]
[White "Choladze, Mariami"]
[Black "Mammadzada, Gunay"]
[Result "1-0"]
[WhiteElo "2112"]
[BlackElo "2393"]
[EventDate "2017.11.13"]
[PlyCount "89"]

1.e4 c5 2.Nf3 d6 3.d4 cxd4 4.Nxd4 Nf6 5.Nc3 a6 6.h3 e5 7.Nde2 h5 8.g3 Be6 
9.Bg2 Nbd7 10.O-O Rc8 11.Be3 Be7 12.a4 Qc7 13.a5 O-O 14.b3 Rfe8 15.f4 Nf8 
16.f5 Bd7 17.Bb6 Qb8 18.Nd5 Bc6 19.Nec3 Bxd5 20.Nxd5 Nxd5 21.exd5 Nh7 22.
Bf3 h4 23.gxh4 Bxh4 24.c4 e4 25.Bg4 Nf6 26.Bd4 Qc7 27.Ra2 Qe7 28.Rg2 e3 
29.Be2 Qe4 30.Rf3 Bf2+ 31.Kf1 Kf8 32.Rg5 Qh4 33.Bxf6 gxf6 34.Rg4 Qh6 35.
Qd4 Rc7 36.Qb6 Rd7 37.Kg2 Be1 38.c5 Rc8 39.c6 bxc6 40.Bxa6 Re8 41.dxc6 
Rde7 42.Be2 Re5 43.c7 Bxa5 44.Qxd6+ R5e7 45.Rfg3 1-0

[Event "35th WCh U20 Girls"]
[Site "Tarvisio ITA"]
[Date "2017.11.13"]
[Round "1"]
[White "Shuvalova, Polina"]
[Black "Nie Xin"]
[Result "1-0"]
[WhiteElo "2386"]
[BlackElo "2106"]
[EventDate "2017.11.13"]
[PlyCount "105"]

1.e4 e5 2.Nf3 Nc6 3.Bb5 a6 4.Ba4 Nf6 5.O-O Be7 6.Re1 b5 7.Bb3 d6 8.c3 O-O 
9.h3 Nb8 10.d4 Nbd7 11.Nbd2 Bb7 12.Bc2 Re8 13.a4 c5 14.d5 c4 15.b3 cxb3 
16.Nxb3 Qc7 17.Bd2 Nb6 18.Na5 Nc4 19.Nxc4 Qxc4 20.Qb1 Reb8 21.Bd3 Qc5 22.
Be3 Qc7 23.Qc2 bxa4 24.Rxa4 Bc8 25.Rea1 a5 26.c4 Bd7 27.R4a3 a4 28.Nd2 Rb7
29.Nb1 Qb8 30.Nc3 Rb2 31.Qd1 Qb4 32.Bc1 Bd8 33.Bxb2 Qxb2 34.Rb3 axb3 35.
Rxa8 Qxc3 36.Rxd8+ Be8 37.Rb8 b2 38.Qc2 Qd4 39.Rxb2 g5 40.Qe2 h6 41.Rb8 
Kg7 42.Qe3 Qc3 43.Rd8 Qa3 44.Bc2 Qa1+ 45.Kh2 Qa2 46.Qc3 Qa7 47.Rxd6 Nd7 
48.Rxd7 Qxd7 49.c5 Qe7 50.c6 Qf6 51.Kg1 Qf4 52.Bd3 g4 53.hxg4 1-0

[Event "35th WCh U20 Girls"]
[Site "Tarvisio ITA"]
[Date "2017.11.13"]
[Round "1"]
[White "Zhu Jiner"]
[Black "Lasya, Goli"]
[Result "1-0"]
[WhiteElo "2363"]
[BlackElo "2087"]
[EventDate "2017.11.13"]
[PlyCount "71"]

1.e4 c5 2.Nf3 d6 3.d4 cxd4 4.Nxd4 Nf6 5.Nc3 Nc6 6.Bg5 e6 7.Qd2 a6 8.O-O-O 
h6 9.Be3 Bd7 10.f3 Rc8 11.g4 Nxd4 12.Bxd4 Bc6 13.Bd3 Nd7 14.Qf2 b5 15.Rhe1
h5 16.h3 a5 17.Kb1 b4 18.Nd5 e5 19.Be3 Bxd5 20.exd5 Be7 21.Qg2 hxg4 22.
hxg4 Bg5 23.f4 Be7 24.Bb5 exf4 25.Bxf4 Kf8 26.Rh1 Rg8 27.Bd3 Ne5 28.Bh7 
Ng6 29.Bxg8 Kxg8 30.Qh2 f6 31.Rde1 Qc7 32.Re4 Qb7 33.Qh5 Ne5 34.Bxe5 dxe5 
35.g5 Qc7 36.Qh8+ 1-0

[Event "35th WCh U20 Girls"]
[Site "Tarvisio ITA"]
[Date "2017.11.13"]
[Round "1"]
[White "Khomeriki, Nino"]
[Black "Rozman, Monika"]
[Result "1-0"]
[WhiteElo "2347"]
[BlackElo "2049"]
[EventDate "2017.11.13"]
[PlyCount "85"]

1.Nf3 g6 2.g3 Bg7 3.Bg2 c5 4.c4 Nc6 5.Nc3 e5 6.d3 Nge7 7.Nd2 d6 8.Nf1 Be6 
9.Ne3 Qd7 10.Ned5 O-O 11.O-O Rab8 12.a3 a6 13.Bg5 f6 14.Bd2 b5 15.Rb1 b4 
16.axb4 Nxb4 17.Nxb4 Rxb4 18.Nd5 Bxd5 19.Bxd5+ Nxd5 20.cxd5 Rb6 21.Ba5 Rb5
22.Bc3 f5 23.Qa4 Qc8 24.Ra1 Rb6 25.Kg2 f4 26.Qc4 Rf5 27.f3 h5 28.Ra2 Bh6 
29.Rfa1 fxg3 30.hxg3 h4 31.Rxa6 hxg3 32.Rxb6 Rh5 33.Qg4 Qxg4 34.fxg4 Rh2+ 
35.Kxg3 Rxe2 36.Ra7 Bg7 37.Rb8+ Kh7 38.Rbb7 e4 39.Rxg7+ Kh6 40.Rh7+ Kg5 
41.Rh5+ gxh5 42.Rg7+ Kh6 43.g5# 1-0

[Event "35th WCh U20 Girls"]
[Site "Tarvisio ITA"]
[Date "2017.11.13"]
[Round "1"]
[White "Priyanka, K."]
[Black "Osmak, Yulia"]
[Result "0-1"]
[WhiteElo "2046"]
[BlackElo "2345"]
[EventDate "2017.11.13"]
[PlyCount "110"]

1.e4 e6 2.d4 d5 3.Nc3 Nf6 4.Bg5 Bb4 5.exd5 Qxd5 6.Bxf6 gxf6 7.Qd2 Qa5 8.
Nge2 Nd7 9.a3 Be7 10.Nf4 Nb6 11.Be2 Bd7 12.O-O-O O-O-O 13.Kb1 Kb8 14.Qe3 
Bc6 15.f3 Rhe8 16.Rhe1 e5 17.dxe5 fxe5 18.Nh5 Rg8 19.g4 Rde8 20.Ne4 Nd5 
21.Qb3 Rd8 22.Nd2 Ba4 23.Nc4 Qxe1 24.Rxe1 Bxb3 25.cxb3 Bh4 26.Rd1 f6 27.
Bd3 h6 28.Bc2 c6 29.b4 Kc7 30.Bb3 Bg5 31.Re1 Nf4 32.Nxf4 Bxf4 33.Bc2 Bxh2 
34.Ne3 Bf4 35.Nf5 Rd2 36.Rh1 Rf2 37.Be4 Bg5 38.Rd1 Rd8 39.Rxd8 Kxd8 40.Nd6
Kc7 41.Nc4 Rh2 42.Bg6 Rh3 43.Be4 h5 44.gxh5 Rxh5 45.Kc2 Rh2+ 46.Kc3 Bc1 
47.b3 Rf2 48.Kd3 f5 49.Bxf5 Rxf3+ 50.Ke4 Rxb3 51.Nxe5 Bxa3 52.Nd3 Bxb4 53.
Be6 Rb1 54.Ba2 Ra1 55.Nxb4 a5 0-1

[Event "35th WCh U20 Girls"]
[Site "Tarvisio ITA"]
[Date "2017.11.13"]
[Round "1"]
[White "Tsolakidou, Stavroula"]
[Black "Vangsgard, Freja"]
[Result "1-0"]
[WhiteElo "2340"]
[BlackElo "2035"]
[EventDate "2017.11.13"]
[PlyCount "49"]

1.e4 c6 2.Nf3 d5 3.Nc3 Bg4 4.h3 Bxf3 5.Qxf3 dxe4 6.Nxe4 e6 7.c3 Nf6 8.d4 
Nxe4 9.Qxe4 Nd7 10.Bd3 Nf6 11.Qe2 Be7 12.O-O Qc7 13.Re1 O-O 14.Qf3 Rfd8 
15.Bf4 Qb6 16.Re2 Rd7 17.a4 a5 18.Be5 Rad8 19.Rae1 Qb3 20.Bc2 Qd5 21.Qg3 
b5 22.Re4 g6 23.Rh4 Qa2 24.Qf4 Nd5 25.Rxh7 1-0

[Event "35th WCh U20 Girls"]
[Site "Tarvisio ITA"]
[Date "2017.11.13"]
[Round "1"]
[White "Salonika, Saina"]
[Black "Vaishali, Ramesh Babu"]
[Result "0-1"]
[WhiteElo "2025"]
[BlackElo "2325"]
[EventDate "2017.11.13"]
[PlyCount "68"]

1.e4 e5 2.Nf3 Nc6 3.Bb5 g6 4.c3 a6 5.Ba4 d6 6.d4 Bd7 7.d5 Nce7 8.c4 b5 9.
cxb5 axb5 10.Bc2 Bg7 11.O-O Nf6 12.Ne1 c6 13.dxc6 Bxc6 14.Qe2 O-O 15.Bg5 
d5 16.exd5 Nfxd5 17.Nd3 h6 18.Bd2 Nf5 19.Nc3 Nd4 20.Qd1 Nxc3 21.Bxc3 Qg5 
22.f3 Rfd8 23.Bd2 Bxf3 24.Bxg5 Bxd1 25.Bxd8 Bxc2 26.Nb4 Rxd8 27.Nxc2 Nxc2 
28.Rac1 Nb4 29.Rc7 f5 30.Rb7 e4 31.Rb1 Rd2 32.Rc1 e3 33.h4 e2 34.Kf2 Nc2 
0-1

[Event "35th WCh U20 Girls"]
[Site "Tarvisio ITA"]
[Date "2017.11.13"]
[Round "1"]
[White "Yu, Jennifer"]
[Black "Sibajeva, Marija"]
[Result "1-0"]
[WhiteElo "2321"]
[BlackElo "2016"]
[EventDate "2017.11.13"]
[PlyCount "75"]

1.d4 d5 2.c4 dxc4 3.e3 a6 4.Bxc4 e6 5.Nf3 Nf6 6.O-O c5 7.b3 Nc6 8.Bb2 cxd4
9.Nxd4 Nxd4 10.Bxd4 Be7 11.Nd2 O-O 12.Rc1 b5 13.Be2 Bb7 14.Bf3 Bxf3 15.
Nxf3 Rc8 16.Ne5 Qd5 17.Qe2 Ba3 18.Rcd1 Qe4 19.Nd3 Qf5 20.f3 Rfd8 21.e4 Qh5
22.g4 Qh6 23.Bb6 Re8 24.Be3 g5 25.Qd2 Qg7 26.Bxg5 Nd7 27.Bh6 Qg6 28.b4 Rc4
29.h4 f6 30.Nf4 Qxh6 31.Qxd7 Qf8 32.Nh5 Re7 33.Qd8 Qxd8 34.Rxd8+ Kf7 35.
Rfd1 Bxb4 36.Rh8 Kg6 37.Rg8+ Kh6 38.Nxf6 1-0

[Event "35th WCh U20 Girls"]
[Site "Tarvisio ITA"]
[Date "2017.11.13"]
[Round "1"]
[White "Srdanovic, Jovana"]
[Black "Obolentseva, Alexandra"]
[Result "0-1"]
[WhiteElo "2015"]
[BlackElo "2320"]
[EventDate "2017.11.13"]
[PlyCount "66"]

1.d4 Nf6 2.c4 g6 3.Nc3 Bg7 4.e4 d6 5.h3 O-O 6.Be3 Nc6 7.Bd3 e5 8.d5 Nd4 9.
Nge2 Nxe2 10.Bxe2 Nd7 11.g4 a5 12.a3 Nc5 13.h4 f5 14.Bg5 Bf6 15.Bxf6 Qxf6 
16.exf5 gxf5 17.g5 Qg7 18.Na4 e4 19.Nxc5 dxc5 20.Qd2 f4 21.O-O-O Ra6 22.
Rhg1 Rb6 23.Bg4 e3 24.Qc2 Bxg4 25.Rxg4 h5 26.Rgg1 Re8 27.Rge1 Re4 28.Re2 
Qe5 29.d6 Rxd6 30.Rxd6 cxd6 31.f3 Rd4 32.Qg6+ Kf8 33.Qh6+ Qg7 0-1

[Event "35th WCh U20 Girls"]
[Site "Tarvisio ITA"]
[Date "2017.11.13"]
[Round "1"]
[White "Aakanksha, Hagawane"]
[Black "Li Zhuoling"]
[Result "1-0"]
[WhiteElo "2312"]
[BlackElo "2006"]
[EventDate "2017.11.13"]
[PlyCount "123"]

1.e4 c5 2.Nf3 Nc6 3.d4 cxd4 4.Nxd4 e5 5.Nb5 d6 6.c4 Be7 7.N5c3 a6 8.Na3 
Nf6 9.Nc2 O-O 10.Be2 Be6 11.O-O Rc8 12.b3 h6 13.Be3 Qd7 14.f3 Rfd8 15.Nd5 
Bxd5 16.exd5 Nb8 17.f4 Qc7 18.Rc1 Nbd7 19.Qe1 Nh7 20.Qg3 Bf6 21.fxe5 Bxe5 
22.Qf2 Nhf6 23.Nd4 Bxd4 24.Bxd4 Re8 25.Bg4 Rcd8 26.Bxd7 Rxd7 27.Bxf6 gxf6 
28.Qxf6 Kh7 29.Qf5+ Kg7 30.Rc3 Rg8 31.Rg3+ Kf8 32.Rxg8+ Kxg8 33.Qh3 Re7 
34.Rf3 Qc5+ 35.Kf1 Kf8 36.Rg3 Re5 37.Qxh6+ Ke7 38.Qh4+ Kd7 39.Qf4 Re7 40.
Qf5+ Kc7 41.Qf6 Kd7 42.Rg8 Qa3 43.Qf5+ Kc7 44.Rc8+ Kb6 45.Qf2+ Ka5 46.Qd2+
Kb6 47.Qd4+ Ka5 48.Qc3+ Kb6 49.c5+ Ka7 50.cxd6 Qxd6 51.Qd4+ b6 52.Rc6 Qd8 
53.d6 Rd7 54.a4 Kb7 55.Qe4 Qf6+ 56.Kg1 Ka8 57.Qe3 Qa1+ 58.Qc1 Qxc1+ 59.
Rxc1 Rxd6 60.Rc7 Kb8 61.Rxf7 Rd3 62.Rf3 1-0

[Event "35th WCh U20 Girls"]
[Site "Tarvisio ITA"]
[Date "2017.11.13"]
[Round "1"]
[White "Auvray, Honorine"]
[Black "Tokhiryonova, Gulrukhbegim"]
[Result "1/2-1/2"]
[WhiteElo "1987"]
[BlackElo "2306"]
[EventDate "2017.11.13"]
[PlyCount "112"]

1.d4 d5 2.Bf4 Nf6 3.e3 e6 4.Nd2 c5 5.c3 Nc6 6.Ngf3 Be7 7.h3 Bd6 8.Ne5 Bxe5
9.dxe5 Nd7 10.Qg4 g6 11.Nf3 Qb6 12.Rb1 d4 13.Bd3 dxe3 14.fxe3 O-O 15.O-O 
c4 16.Be4 Ndxe5 17.Nxe5 Nxe5 18.Qg3 Nd7 19.Bd6 Re8 20.Rxf7 Kxf7 21.Rf1+ 
Kg7 22.Be5+ Nxe5 23.Qxe5+ Kg8 24.Bxg6 hxg6 25.Rf6 Re7 26.Rxg6+ Kf8 27.Rg4 
Ke8 28.Qh8+ Kd7 29.Rd4+ Qxd4 30.Qxd4+ Ke8 31.Qh8+ Kd7 32.Qd4+ Kc7 33.Qxc4+
Kd8 34.Qg4 a5 35.Qd4+ Rd7 36.Qf6+ Kc7 37.Qe5+ Rd6 38.Qc5+ Kd7 39.Qb5+ Rc6 
40.h4 b6 41.Qe5 Rc5 42.Qg7+ Kd6 43.Qf8+ Kc7 44.g4 Rc4 45.Kf2 Rb8 46.Qg7+ 
Bd7 47.b3 Rc5 48.h5 Kd6 49.Qd4+ Rd5 50.Qf4+ e5 51.Qf6+ Be6 52.h6 Rd1 53.
Kg2 Kd7 54.Qg7+ Kd6 55.Qf6 Kd7 56.Qg7+ Kd6 1/2-1/2

[Event "35th WCh U20 Girls"]
[Site "Tarvisio ITA"]
[Date "2017.11.13"]
[Round "1"]
[White "Stiazhkina, Anna"]
[Black "Fernandez Rivero, Karla July"]
[Result "1/2-1/2"]
[WhiteElo "2301"]
[BlackElo "1986"]
[EventDate "2017.11.13"]
[PlyCount "90"]

1.e4 e5 2.Nf3 Nc6 3.Bb5 a6 4.Ba4 Nf6 5.O-O Be7 6.Re1 b5 7.Bb3 d6 8.a4 Bd7 
9.c3 O-O 10.d4 Bg4 11.Be3 Qb8 12.Nbd2 Na5 13.Ba2 c5 14.h3 Bd7 15.b4 cxb4 
16.cxb4 Nc6 17.Rb1 exd4 18.Nxd4 Nxd4 19.Bxd4 Qb7 20.Nb3 Rac8 21.Qd3 bxa4 
22.Na5 Bb5 23.Qe3 Qd7 24.Rbd1 Rfe8 25.Ba1 Bd8 26.Qg5 Qc7 27.Bb1 Qe7 28.Qe3
Nh5 29.Qd4 Qe5 30.Qd2 Qf4 31.Qd4 Bf6 32.e5 Bxe5 33.Qxf4 Nxf4 34.Bxe5 Rxe5 
35.Nb7 Ne2+ 36.Kh2 Nc3 37.Nxd6 Rxe1 38.Rxe1 Rd8 39.Nb7 Rb8 40.Nc5 Nxb1 41.
Rxb1 Rd8 42.Ra1 g6 43.Nxa4 Rd4 44.Nc5 Rxb4 45.Nxa6 Bxa6 1/2-1/2

[Event "35th WCh U20 Girls"]
[Site "Tarvisio ITA"]
[Date "2017.11.13"]
[Round "1"]
[White "Gomez Barrera, Javiera Belen"]
[Black "Dordzhieva, Dinara"]
[Result "1/2-1/2"]
[WhiteElo "1972"]
[BlackElo "2295"]
[EventDate "2017.11.13"]
[PlyCount "62"]

1.e4 c5 2.Nf3 Nc6 3.d4 cxd4 4.Nxd4 Qb6 5.Nb3 Nf6 6.Nc3 e6 7.Be3 Qc7 8.f3 
a6 9.Qd2 d6 10.O-O-O Be7 11.Nd4 b5 12.g4 Ne5 13.g5 Nfd7 14.f4 Nc4 15.Bxc4 
Qxc4 16.b3 Qc7 17.f5 Ne5 18.f6 gxf6 19.gxf6 Bxf6 20.Ndxb5 axb5 21.Nxb5 Qa5
22.Nxd6+ Ke7 23.Nf5+ exf5 24.Qd6+ Ke8 25.Qxf6 Qa3+ 26.Kd2 Qb4+ 27.Kc1 Qa3+
28.Kd2 Qa5+ 29.Kc1 Qa3+ 30.Kd2 Qb4+ 31.Kc1 Qa3+ 1/2-1/2

[Event "35th WCh U20 Girls"]
[Site "Tarvisio ITA"]
[Date "2017.11.13"]
[Round "1"]
[White "Heinemann, Josefine"]
[Black "Andolfatto, Maria"]
[Result "1-0"]
[WhiteElo "2293"]
[BlackElo "1970"]
[EventDate "2017.11.13"]
[PlyCount "61"]

1.e4 c6 2.d4 d5 3.e5 Bf5 4.Nf3 e6 5.Be2 Nd7 6.O-O h6 7.Nbd2 Ne7 8.Nb3 Qc7 
9.Bd2 g5 10.Rc1 Bg6 11.c4 dxc4 12.Bxc4 Nf5 13.Bd3 Be7 14.Qe2 O-O 15.h3 Nb6
16.Be4 Rad8 17.Ba5 Rfe8 18.Qc2 Bf8 19.d5 Qb8 20.d6 Bxd6 21.exd6 Rxd6 22.
Bc3 Rdd8 23.Bf6 Rc8 24.Ne5 Nd5 25.Ng4 Kh7 26.Be5 Nd6 27.Bxg6+ fxg6 28.Nc5 
Rcd8 29.Ne4 Rf8 30.Nxd6 Rxd6 31.Qc5 1-0

[Event "35th WCh U20 Girls"]
[Site "Tarvisio ITA"]
[Date "2017.11.13"]
[Round "1"]
[White "Louka, Magdalini"]
[Black "Terbe, Julianna"]
[Result "0-1"]
[WhiteElo "1955"]
[BlackElo "2263"]
[EventDate "2017.11.13"]
[PlyCount "84"]

1.e4 e5 2.Nf3 Nc6 3.Nc3 Nf6 4.d4 exd4 5.Nxd4 Bb4 6.Nxc6 bxc6 7.Bd3 d5 8.
exd5 O-O 9.O-O cxd5 10.h3 Rb8 11.Qf3 Re8 12.Bf4 Bd6 13.Nb5 Bxf4 14.Qxf4 
Rb7 15.b3 Qe7 16.c4 a6 17.Nc3 Qb4 18.Qf3 d4 19.Ne4 Rb6 20.c5 Rbe6 21.a3 
Qb8 22.Nxf6+ Rxf6 23.Rfe1 Rd8 24.Qh5 g6 25.Qg5 Kg7 26.b4 Bb7 27.Re7 c6 28.
Rae1 Bc8 29.Bc4 Rd7 30.Rxd7 Bxd7 31.Re7 Bf5 32.g4 h6 33.Qd2 Qd8 34.Ra7 Bc8
35.Ra8 Qd7 36.Bxa6 Bxa6 37.Rxa6 h5 38.g5 Rf3 39.b5 Rxh3 40.f3 Rxf3 41.Qg2 
Rf4 42.Qe2 Qf5 0-1

[Event "35th WCh U20 Girls"]
[Site "Tarvisio ITA"]
[Date "2017.11.13"]
[Round "1"]
[White "Antova, Gabriela"]
[Black "Altantuya, Boldbaatar"]
[Result "1-0"]
[WhiteElo "2257"]
[BlackElo "1948"]
[EventDate "2017.11.13"]
[PlyCount "43"]

1.d4 Nf6 2.c4 e6 3.Nf3 b6 4.a3 Bb7 5.Nc3 d5 6.cxd5 Nxd5 7.Qc2 Be7 8.e4 
Nxc3 9.bxc3 O-O 10.Bd3 c5 11.O-O Nc6 12.Bb2 Rc8 13.Qe2 Na5 14.Rad1 Qc7 15.
Rfe1 Rfd8 16.h3 Bc6 17.Ne5 Ba4 18.Rb1 Bb3 19.Qh5 Bf8 20.Bb5 g6 21.Qe2 cxd4
22.cxd4 1-0

[Event "35th WCh U20 Girls"]
[Site "Tarvisio ITA"]
[Date "2017.11.13"]
[Round "1"]
[White "Cramling-Bellon, Anna"]
[Black "Injac, Teodora"]
[Result "0-1"]
[WhiteElo "1943"]
[BlackElo "2244"]
[EventDate "2017.11.13"]
[PlyCount "66"]

1.d4 Nf6 2.c4 d6 3.Nc3 Nbd7 4.e4 e5 5.d5 Be7 6.h3 Nc5 7.Qc2 a5 8.Be2 O-O 
9.g4 c6 10.Be3 cxd5 11.Bxc5 dxc5 12.cxd5 Ne8 13.Nf3 f6 14.O-O-O Nd6 15.
Rdg1 c4 16.h4 b5 17.g5 Bd7 18.gxf6 Bxf6 19.Ng5 b4 20.Nd1 a4 21.Rg3 b3 22.
Qb1 a3 23.axb3 a2 24.Qa1 cxb3 25.Rxb3 Bxg5+ 26.hxg5 Qxg5+ 27.Re3 Nxe4 28.
Bd3 Rac8+ 29.Nc3 Rxf2 30.Re1 Nxc3 31.bxc3 Rcf8 32.d6 R8f3 33.Bc4+ Kh8 0-1

[Event "35th WCh U20 Girls"]
[Site "Tarvisio ITA"]
[Date "2017.11.13"]
[Round "1"]
[White "Cherniak, Viktoria"]
[Black "Alijanzadeh, Mohadeseh"]
[Result "0-1"]
[WhiteElo "2236"]
[BlackElo "1930"]
[EventDate "2017.11.13"]
[PlyCount "78"]

1.c4 Nf6 2.g3 e6 3.Bg2 d5 4.Nf3 Be7 5.O-O c6 6.b3 O-O 7.Bb2 b6 8.d4 Bb7 9.
Nbd2 Na6 10.Rc1 Rc8 11.Ne5 Nd7 12.Ndf3 c5 13.e3 dxc4 14.bxc4 Nxe5 15.Nxe5 
Bxg2 16.Kxg2 cxd4 17.exd4 Qc7 18.Qe2 Nb4 19.a3 Nc6 20.Nxc6 Qxc6+ 21.Kg1 
Bf6 22.Rfe1 Qd7 23.Red1 Rfd8 24.d5 Bxb2 25.Qxb2 Qa4 26.Rd4 exd5 27.Rxd5 
Qc6 28.Rg5 f6 29.Rb5 Qf3 30.Rd5 Re8 31.Rcd1 Rxc4 32.Qb5 Rcc8 33.R5d3 Qc6 
34.Qb3+ Qe6 35.Qb5 Rc5 36.Qa6 Re5 37.Kg2 Qc6+ 38.Rf3 Rb5 39.Rd3 Ra5 0-1

[Event "35th WCh U20 Girls"]
[Site "Tarvisio ITA"]
[Date "2017.11.13"]
[Round "1"]
[White "Shepherd, Katherine"]
[Black "Uuriintuya, Uurtsaikh"]
[Result "0-1"]
[WhiteElo "1918"]
[BlackElo "2213"]
[EventDate "2017.11.13"]
[PlyCount "46"]

1.d4 Nf6 2.c4 c5 3.Nf3 cxd4 4.Nxd4 g6 5.Nc3 Nc6 6.g3 Bg7 7.e4 Nxe4 8.Nxc6 
Nxc3 9.Nxd8 Nxd1 10.Nxf7 Nxf2 11.Nd6+ exd6 12.Kxf2 O-O+ 13.Ke3 d5 14.cxd5 
d6 15.Bd3 Bh3 16.Re1 Rae8+ 17.Kd2 Rf2+ 18.Re2 Rexe2+ 19.Bxe2 Bg4 20.Kd3 
Bxe2+ 21.Ke3 Rxh2 22.Rb1 Bd1 23.b4 Bc2 0-1

[Event "35th WCh U20 Girls"]
[Site "Tarvisio ITA"]
[Date "2017.11.13"]
[Round "1"]
[White "Arpita, Mukherjee"]
[Black "Barbosa, Larissa Ichimura"]
[Result "1/2-1/2"]
[WhiteElo "2210"]
[BlackElo "1913"]
[EventDate "2017.11.13"]
[PlyCount "84"]

1.e4 e6 2.d4 d5 3.Nd2 Nf6 4.e5 Nfd7 5.Bd3 c5 6.c3 Nc6 7.Ngf3 g6 8.h4 h6 9.
Bc2 Bg7 10.O-O O-O 11.Re1 cxd4 12.cxd4 f6 13.Bxg6 fxe5 14.dxe5 Ndxe5 15.
Bb1 Nxf3+ 16.Nxf3 e5 17.Nh2 Be6 18.Qh5 Qf6 19.Rf1 Nd4 20.Bg5 Bf7 21.Bxf6 
Bxh5 22.Bxg7 Kxg7 23.g4 Bg6 24.Bxg6 Kxg6 25.Rae1 e4 26.Re3 Rad8 27.Rd1 Nc2
28.Rb3 d4 29.Rd2 d3 30.Rxb7 Rf7 31.h5+ Kf6 32.Rxf7+ Kxf7 33.Kg2 e3 34.fxe3
Nxe3+ 35.Kf3 Nc4 36.Rd1 Nxb2 37.Rd2 Nc4 38.Rd1 Kf6 39.Ke4 d2 40.Nf3 Rd7 
41.Kf4 a5 42.Ke4 a4 1/2-1/2

[Event "35th WCh U20 Girls"]
[Site "Tarvisio ITA"]
[Date "2017.11.13"]
[Round "1"]
[White "Stashis, Anna"]
[Black "Ghukasian, Siranush"]
[Result "0-1"]
[WhiteElo "1907"]
[BlackElo "2207"]
[EventDate "2017.11.13"]
[PlyCount "98"]

1.e4 e5 2.Nf3 Nc6 3.Bc4 Bc5 4.b4 Bxb4 5.c3 Bd6 6.O-O Nf6 7.d4 O-O 8.d5 Ne7
9.Re1 Ng6 10.Nbd2 Qe7 11.Nf1 Bc5 12.Qd3 d6 13.Ng3 Ng4 14.Re2 Nf4 15.Bxf4 
exf4 16.Nf5 Qf6 17.h3 Ne5 18.Nxe5 dxe5 19.Rd1 h5 20.Bb5 a6 21.Ba4 b5 22.
Bb3 g6 23.d6 cxd6 24.Nxd6 Rd8 25.Qd5 Bxd6 26.Qxa8 Bg4 27.Qxd8+ Qxd8 28.
hxg4 Qb6 29.Red2 Bc5 30.g5 Be7 31.Rd7 Kf8 32.R1d5 Qc6 33.Ra7 Qxc3 34.Kf1 
f3 35.gxf3 Qxf3 36.Rdd7 Qh1+ 37.Ke2 Qxe4+ 38.Kd1 Qb1+ 39.Ke2 Qe4+ 40.Kd1 
Qf3+ 41.Ke1 Bb4+ 42.Kf1 Qh1+ 43.Ke2 Qe1+ 44.Kf3 Qh1+ 45.Ke2 Qe1+ 46.Kd3 
e4+ 47.Kd4 Qxf2+ 48.Kd5 Qc5+ 49.Kxe4 Qf5+ 0-1

[Event "35th WCh U20 Girls"]
[Site "Tarvisio ITA"]
[Date "2017.11.13"]
[Round "1"]
[White "Kiolbasa, Oliwia"]
[Black "Bidhar, Rutumbara"]
[Result "1-0"]
[WhiteElo "2206"]
[BlackElo "1904"]
[EventDate "2017.11.13"]
[PlyCount "53"]

1.e4 c5 2.Nf3 e6 3.d4 cxd4 4.Nxd4 Nf6 5.Nc3 d6 6.Be2 Be7 7.O-O O-O 8.f4 a6
9.Kh1 Qc7 10.Qe1 Nc6 11.Be3 Bd7 12.Qg3 Rac8 13.Rae1 Rfd8 14.Bd3 Ne8 15.f5 
Bf6 16.fxe6 fxe6 17.Nxc6 Bxc6 18.Qh3 e5 19.Bc4+ d5 20.Nxd5 Bxd5 21.Bxd5+ 
Kh8 22.Be6 Nd6 23.c4 Nxc4 24.Rc1 Nxe3 25.Rxc7 Rxc7 26.Qxe3 Rc2 27.Qb6 1-0

[Event "35th WCh U20 Girls"]
[Site "Tarvisio ITA"]
[Date "2017.11.13"]
[Round "1"]
[White "Koo Wei Xin, Rosamund"]
[Black "Yuan Ye"]
[Result "0-1"]
[WhiteElo "1900"]
[BlackElo "2196"]
[EventDate "2017.11.13"]
[PlyCount "70"]

1.d4 d5 2.Nf3 Nf6 3.c4 c6 4.g3 dxc4 5.Bg2 b5 6.O-O e6 7.Ne5 Bb7 8.a4 Qc8 
9.b3 cxb3 10.Qxb3 b4 11.Bg5 c5 12.Bxf6 gxf6 13.Bxb7 Qxb7 14.Ng4 f5 15.Nf6+
Ke7 16.Nh5 cxd4 17.Qc4 Nc6 18.Nd2 Qb6 19.Nb3 Ne5 20.Qxd4 Qxd4 21.Nxd4 Rc8 
22.f4 Nc4 23.Rac1 Bh6 24.Rc2 Ne3 25.Rxc8 Rxc8 26.Rb1 Nd5 27.Rb2 f6 28.Kg2 
Kf7 29.h3 Rc4 30.Rd2 Kg6 31.Nxe6 Ne3+ 32.Kf2 Rc3 33.Rd3 Rxd3 34.exd3 b3 
35.Kxe3 b2 0-1

[Event "35th WCh U20 Girls"]
[Site "Tarvisio ITA"]
[Date "2017.11.13"]
[Round "1"]
[White "Janzelj, Lara"]
[Black "Silva, Mariana Sofia"]
[Result "1-0"]
[WhiteElo "2192"]
[BlackElo "1883"]
[EventDate "2017.11.13"]
[PlyCount "73"]

1.d4 Nf6 2.c4 g6 3.Nc3 Bg7 4.e4 d6 5.Be2 O-O 6.Nf3 e5 7.d5 Na6 8.Nd2 Ne8 
9.g4 Qh4 10.h3 f5 11.gxf5 gxf5 12.Nf3 Qe7 13.Bg5 Qf7 14.Be3 Nf6 15.exf5 
Bxf5 16.Nh4 Bd7 17.Qd2 Nc5 18.Qc2 e4 19.O-O-O Nd3+ 20.Kb1 a5 21.a3 Nh5 22.
Nxe4 Ndf4 23.Bg4 Qe7 24.Rdg1 Ba4 25.Qxa4 Qxe4+ 26.Qc2 Qe5 27.Nf3 Qe7 28.
Re1 Qf7 29.Rhg1 Kh8 30.Nd4 Rae8 31.Ne6 Nxe6 32.Bxe6 Qf6 33.Rg5 Rxe6 34.
dxe6 Nf4 35.Bxf4 Qxf4 36.Reg1 Bh6 37.Qc3+ 1-0

[Event "35th WCh U20 Girls"]
[Site "Tarvisio ITA"]
[Date "2017.11.13"]
[Round "1"]
[White "February, Jesse Nikki"]
[Black "Mahalakshmi, Muganda Kumar"]
[Result "1-0"]
[WhiteElo "1874"]
[BlackElo "2191"]
[EventDate "2017.11.13"]
[PlyCount "55"]

1.e4 e6 2.d3 d5 3.Qe2 Nf6 4.Nf3 Be7 5.g3 O-O 6.Bg2 c5 7.O-O Nc6 8.Re1 dxe4
9.dxe4 e5 10.c3 Qc7 11.Nbd2 b6 12.Nf1 a5 13.Ne3 Ba6 14.Qc2 Rad8 15.Bf1 
Bxf1 16.Kxf1 g6 17.a4 Qc8 18.Kg2 Qa6 19.Qb3 Qd3 20.Nc4 Nd4 21.Nxd4 exd4 
22.Bh6 b5 23.axb5 a4 24.Qxa4 Ra8 25.Qxa8 Qxc4 26.Bxf8 Bxf8 27.Qd8 Qe6 28.
Ra6 1-0